<?xml version="1.0" encoding="UTF-8"?>
<record
    xmlns:xsi="http://www.w3.org/2001/XMLSchema-instance"
    xsi:schemaLocation="http://www.loc.gov/MARC21/slim http://www.loc.gov/standards/marcxml/schema/MARC21slim.xsd"
    xmlns="http://www.loc.gov/MARC21/slim">

  <leader>00689nam a22001817a 4500</leader>
  <controlfield tag="003">UA-OsUOA</controlfield>
  <controlfield tag="001"> 15972 </controlfield>
  <controlfield tag="007">ta</controlfield>
  <controlfield tag="008">20031215b un ||||| |||| 00| 0 ukr d</controlfield>
  <datafield tag="100" ind1=" " ind2=" ">
    <subfield code="a">&#x422;&#x438;&#x449;&#x435;&#x43D;&#x43A;&#x43E; &#x41E;.</subfield>
  </datafield>
  <datafield tag="942" ind1=" " ind2=" ">
    <subfield code="c">SA</subfield>
  </datafield>
  <datafield tag="040" ind1=" " ind2=" ">
    <subfield code="a">UA-OsUOA</subfield>
    <subfield code="c">UA-OsUOA</subfield>
    <subfield code="d">UA-OsUOA</subfield>
  </datafield>
  <datafield tag="245" ind1=" " ind2=" ">
    <subfield code="a">&#x41F;&#x43E;&#x43D;&#x435;&#x432;&#x43E;&#x43B;&#x435;&#x43D;&#x456; , &#x430;&#x43B;&#x435; &#x43D;&#x435; &#x441;&#x43A;&#x43E;&#x440;&#x435;&#x43D;&#x456;</subfield>
    <subfield code="b">[&#x423; &#x420;&#x456;&#x432;&#x43D;&#x43E;&#x43C;&#x443; &#x432;&#x456;&#x434;&#x431;&#x443;&#x43B;&#x430;&#x441;&#x44F; &#x43D;&#x430;&#x443;&#x43A;.-&#x43F;&#x440;&#x430;&#x43A;&#x442;. &#x43A;&#x43E;&#x43D;&#x444;., &#x43F;&#x440;&#x438;&#x441;&#x432;&#x44F;&#x447;. 60-&#x43B;&#x456;&#x442;&#x442;&#x44E; &#x43F;&#x440;&#x43E;&#x432;&#x435;&#x434;&#x435;&#x43D;&#x43D;&#x44F; &#x43D;&#x430; &#x420;&#x456;&#x432;&#x43D;&#x435;&#x43D;&#x449;&#x438;&#x43D;&#x456; 1-&#x457; &#x41A;&#x43E;&#x43D;&#x444;. &#x43F;&#x43E;&#x43D;&#x435;&#x432;&#x43E;&#x43B;&#x435;&#x43D;&#x438;&#x445; &#x43D;&#x430;&#x440;&#x43E;&#x434;&#x456;&#x432;]</subfield>
  </datafield>
  <datafield tag="300" ind1=" " ind2=" ">
    <subfield code="a">&#x421;.1,2</subfield>
  </datafield>
  <datafield tag="955" ind1=" " ind2=" ">
    <subfield code="a">0</subfield>
  </datafield>
  <datafield tag="773" ind1="0" ind2=" ">
    <subfield code="w">0</subfield>
    <subfield code="t">&#x41F;&#x43E;&#x433;&#x43B;&#x44F;&#x434;</subfield>
    <subfield code="d">&#x420;&#x456;&#x432;&#x43D;&#x435;</subfield>
    <subfield code="d">2003</subfield>
    <subfield code="g">&#x2116;12/27 &#x43B;&#x438;&#x441;&#x442;&#x43E;&#x43F;./</subfield>
  </datafield>
  <datafield tag="650" ind1=" " ind2="7">
    <subfield code="a">&#x41A;&#x43E;&#x43D;&#x444;&#x435;&#x440;&#x435;&#x43D;&#x446;&#x456;&#x457;</subfield>
    <subfield code="2">UDC</subfield>
  </datafield>
  <datafield tag="999" ind1=" " ind2=" ">
    <subfield code="c">302137</subfield>
    <subfield code="d">302137</subfield>
  </datafield>
</record>
